Kamyabi ka Raaz (Record no. 321502)

000 -LEADER
fixed length control field 00321 a2200133 4500
001 - CONTROL NUMBER
control field 86429
003 - CONTROL NUMBER IDENTIFIER
control field NUST
005 - DATE AND TIME OF LATEST TRANSACTION
control field 20180122135013.0
008 - FIXED-LENGTH DATA ELEMENTS--GENERAL INFORMATION
fixed length control field 180122b xxu||||| |||| 00| 0 eng d
020 ## - INTERNATIONAL STANDARD BOOK NUMBER
International Standard Book Number 978969839154
082 ## - DEWEY DECIMAL CLASSIFICATION NUMBER
Classification number 291.56 NAI
100 ## - MAIN ENTRY--PERSONAL NAME
Personal name Naiem Abdul Bhati
9 (RLIN) 9487
245 ## - TITLE STATEMENT
Title Kamyabi ka Raaz
Statement of responsibility, etc. Naiem Abdul Bhati
Medium Urdu
260 ## - PUBLICATION, DISTRIBUTION, ETC.
Place of publication, distribution, etc. Lahore
Name of publisher, distributor, etc. Zia-e-Adab
Date of publication, distribution, etc. 2012
300 ## - PHYSICAL DESCRIPTION
Extent 205p.
942 ## - ADDED ENTRY ELEMENTS (KOHA)
Institution code [OBSOLETE] AHQ
Koha item type Book
Call number prefix 291.56 NAI
Source of classification or shelving scheme
Holdings
Withdrawn status Lost status Damaged status Not for loan Collection code Permanent Location Current Location Date acquired Total Checkouts Full call number Barcode Date last seen Price effective from Koha item type
          College of Aeronautical Engineering (CAE) College of Aeronautical Engineering (CAE) 04/03/2017   291.56 NAI CAE85253 04/05/2017 04/05/2017 Book
© 2023 Central Library, National University of Sciences and Technology. All Rights Reserved.